000
00348nam a22001217a 4500
040
_c
SK
082
_a
628
100
_a
ប៉ុក ប៊ុនណាត
245
_a
water supply and sanitation; ការផ្គត់ផ្គង់ និងអនម័យទឹក
260
_a
RUA
_b
ប៉ុក
_c
2013
300
_a
28p.
942
_c
EK
999
_c
8899
_d
8899